Welcome to the Holygrace Academy Library

Please use search bar below to get started

TWO OXEN (Record no. 2364)

MARC details
000 -LEADER
fixed length control field 00431nam a22001577a 4500
020 ## - INTERNATIONAL STANDARD BOOK NUMBER
ISBN 978-93-5085-403-7
082 ## - DEWEY DECIMAL CLASSIFICATION NUMBER
Classification number 823
Item number PAI/T
100 ## - MAIN ENTRY--AUTHOR NAME
Personal name PAI, ANAND
245 ## - TITLE STATEMENT
Title TWO OXEN
Remainder of title STORIES BY MUNSHI PREMCHAND
246 ## - VARYING FORM OF TITLE
Title proper/short title TWO OXEN
Remainder of title STORIES BY MUNSHI PREMCHAND
260 ## - PUBLICATION, DISTRIBUTION, ETC. (IMPRINT)
Place of publication MUMBAU
Name of publisher AMAR CHITRA KATHA PVT LTD
Year of publication 2017
300 ## - PHYSICAL DESCRIPTION
Number of Pages 15
520 ## - SUMMARY, ETC.
Summary, etc STORIES BY MUNSHI PREMCHAND
650 ## - SUBJECT ADDED ENTRY--TOPICAL TERM
Topical Term STORIES BY MUNSHI PREMCHAND
942 ## - ADDED ENTRY ELEMENTS (KOHA)
Koha item type Books

No items available.